Toi mon amour - Marc Lavoine : Paroles - Statistiques

Statistiques générales
  • Ce quiz a été pris 18 fois
  • Le résultat moyen est 114 sur 134
Statistiques - réponses
Paroles % Correct
a
100%
à
100%
amour
100%
ça
100%
coeur
100%
je
100%
jours
100%
le
100%
lourd
100%
mon
100%
ne
100%
pour
100%
que
100%
qui
100%
Toi
100%
toi
100%
tu
100%
les
94%
ma
94%
moi
94%
plus
94%
toujours
94%
tous
94%
de
88%
en
88%
et
88%
l'amour
88%
pas
88%
pense
88%
qu'à
88%
un
88%
se
82%
suis
82%
ah
76%
avant
76%
crois
76%
guère
76%
m'aimes
76%
si
76%
ta
76%
tout
76%
éclat
71%
èclat
71%
Est-ce
71%
n'en
71%
savais
71%
vole
71%
croit
65%
j'ignorais
65%
signe
65%
sur
65%
bat
59%
c'est
59%
avec
53%
fait
53%
même
53%
corps
47%
amours
41%
envie
41%
gueule
41%
nos
41%
rose
41%
d'amour
35%
pomme
35%
seulement
29%
Aucun quiz correspondant
Distribution des résultats
% des personnes avec chaque résultat
Percentile par nombre de réponses
Votre historique - résultats
Vous n’avez pas pris ce quiz